Estetická výchova pre stredné školy

Bibliographic Details
Main Authors: Beňadiková, Jana (Author), Fischerová, Anna, 1939-2021 (Author), Nagyová, Klaudia (Author), Naňová, Mária (Author), Pamulová, Anna (Author), Turčanová, Helena (Author)
Other Authors: Fedorová, Mária (Compiler)
Format: Book
Language:Slovak
PhysicalDescription:167 s. fareb. ilustr. 25 cm
Published: Bratislava Slovenské pedagogické nakladateľstvo 2001
ISBN:8008029668
Edition:4. vyd.
Subjects:

MARC

LEADER 00000cam a2200000 a 4500
001 vtls001425933
003 SK-MaSNL
005 20260301202607.0
008 240226s2001 xo af d p 000 0 slo
015 |a SNBA2002/04-01591 
020 |a 8008029668  |q (viaz.) 
035 |a SNK000380857 
035 |a urn:nbn:sk:snk-amk3x6 
035 |a urn:nbn:sk:snk-am005dsa 
035 |a DB057D68-61BD-483C-A040-B3E3C09E1A51 
040 |a SNK  |b slo  |c SNK  |e AACR2 
041 0 |a slo 
044 |a xo  |c SK 
072 7 |a 7.01/.09  |x Umenie  |2 konspekt 
080 |a 7.01/.09:37.016  |2 2001 
080 |a (075.3)  |2 2001 
245 0 0 |a Estetická výchova  |b pre stredné školy  |c [autori: Jana Beňadiková ... [et al.]] 
250 |a 4. vyd. 
260 |a Bratislava  |b Slovenské pedagogické nakladateľstvo  |c 2001 
300 |a 167 s.  |b fareb. ilustr.  |c 25 cm 
500 |a Ilustr. na tit. strane a front. 
500 |a Údaj o aut. prevzatý z rubu tit. strany 
504 |a Slovník základných estet. pojmov 
650 0 7 |a estetická výchova  |2 SNKPH  |9 66289 
650 0 7 |a Aesthetic education  |2 SNKPHeng  |9 328874 
655 7 |a učebnice stredných škôl  |2 SNKPH  |9 69323 
655 7 |a Textbooks (secondary)  |2 SNKPHeng  |9 276359 
700 1 |a Beňadiková, Jana  |4 aut  |9 42818 
700 1 |a Fedorová, Mária  |4 com  |9 8249 
700 1 |a Fischerová, Anna,  |d 1939-2021  |4 aut  |9 97552 
700 1 |a Nagyová, Klaudia  |4 aut  |9 7803 
700 1 |a Naňová, Mária  |4 aut  |9 304622 
700 1 |a Pamulová, Anna  |4 aut  |9 7408 
700 1 |a Turčanová, Helena  |4 aut  |9 12116 
919 |a 80-08-02966-8 
958 |a TL 
958 |a UC 
958 |a OND 
999 |c 899401  |d 901331 
952 |t P60, <09>, [BOOK], {629}  |a SNK  |b SNK  |y NEVYP  |7 0  |o snkC 620  |i snk1047/20011220  |0 0  |1 0  |4 0  |d 2001-12-18  |l 0  |r 2005-01-02 00:00:00  |w 2026-02-24 
952 |t P60, <03>, [BOOK], {603}  |a SNK  |b SNK  |y PREZ  |7 0  |p 17A0326252  |o snkSC 106837  |i snkKSP 13943/2001  |0 0  |1 0  |4 0  |d 2001-12-18  |f 1  |l 0  |r 2025-09-26 00:00:00  |w 2026-02-24 
952 |t P60, <04>, [BOOK], {604}  |a SNK  |b SNK  |y VYP  |7 0  |p 17A0326253  |o snkSC 106837 D1  |i snkKSP 13944/2001  |0 0  |1 0  |4 0  |d 2001-12-18  |l 0  |r 2005-01-02 00:00:00  |w 2026-02-24